000 00338nam a2200133Ia 4500
008 240624s9999 xx 000 0 und d
041 _aeng
082 _a338.5 MAR
100 _aAUGIER MIE
245 _aECONOMICS OF CHOICE CHANGE AND ORGANIZAT
260 _c2004
_aCheltenham
_bEdward Elgar Pub
300 _a461 : p.
365 _cBPS
_b25
999 _c18314
_d18314